Top 50 Countries by Diabetes Rate - Statistics

General Stats
  • This quiz has been taken 83 times
  • The average score is 23 of 50
Answer Stats
% Country % Correct
11.0 United States
96%
17.0 Mexico
76%
10.0 Brazil
67%
19.5 Saudi Arabia
64%
12.0 China
60%
10.0 Iraq
60%
14.0 Oman
59%
20.0 Qatar
59%
23.0 Nauru
57%
31.0 Pakistan
57%
17.0 United Arab Emirates
57%
18.0 Fiji
56%
15.0 Turkey
56%
20.0 Tuvalu
56%
16.0 Palau
54%
25.0 Kuwait
53%
15.0 Tonga
53%
21.0 Egypt
51%
16.0 FS Micronesia
51%
15.0 Jordan
51%
16.0 Vanuatu
51%
23.0 Marshall Islands
49%
20.0 Solomon Islands
49%
15.0 Syria
49%
22.0 Kiribati
47%
16.0 Saint Kitts and Nevis
44%
11.0 Indonesia
43%
11.0 South Africa
43%
12.0 Antigua and Barbuda
41%
15.0 Belize
41%
11.0 Chile
41%
12.0 Dominica
41%
13.0 Grenada
41%
13.0 Guatemala
41%
17.0 Papua New Guinea
41%
12.0 Saint Lucia
41%
13.0 Trinidad and Tobago
41%
14.0 Barbados
40%
10.0 Dominican Republic
40%
14.0 Bangladesh
39%
19.0 Malaysia
39%
10.0 Sri Lanka
37%
12.0 Singapore
31%
19.0 Sudan
29%
12.0 Guyana
27%
13.0 Suriname
27%
23.0 Mauritius
20%
12.0 Comoros
16%
13.0 Tanzania
11%
13.0 Zambia
10%
No matching quizzes found
Score Distribution
Percent of People with Each Score
Percentile by Number Answered
Your Score History
You have not taken this quiz